000 00921nam a22001937a 4500
005 20231005165920.0
010 _aB-755699 CHHN 23.8.23
020 _a9789392692260
_c150.00
035 _aB-755699
037 _bसहित्यागार
082 _a523
100 _aशर्मा, गोविन्द
_957707
245 _aदादाजी की अंतरिक्ष-यात्रा /
_cगोविन्द शर्मा
260 _aजयपुर
_bसहित्यागार
_c2022
270 _aधामानी मार्किट की गली चौड़ा रास्ता
_bजयपुर
_e302003
300 _a56पृष्ठ
_c25सेमी.(सजिल्द)
942 _2ddc
_cCH
_mशर्मागो
_h523
999 _c198714
_d198714